Manual de Oftalmología / (Registro nro. 2488)

Detalles MARC
000 -LEADER
campo de control de longitud fija 01277nam a22002297a 4500
001 - NÚMERO DE CONTROL
campo de control 2488
003 - IDENTIFICADOR DE NÚMERO DE CONTROL
campo de control HMS
005 - FECHA Y HORA DE LA ÚLTIMA TRANSACCIÓN
campo de control 20250611094624.0
008 - DATOS DE LONGITUD FIJA--INFORMACIÓN GENERAL
campo de control de longitud fija 250611e2002 cl ao||frntu| 001 0 spa
020 ## - NÚMERO INTERNACIONAL ESTÁNDAR DEL LIBRO
Número Internacional Estándar del Libro 9562202127
040 ## - FUENTE DE CATALOGACIÓN
Centro catalogador/agencia de origen hms
Lengua de catalogación spa
Centro/agencia transcriptor hms
082 04 - NÚMERO DE LA CLASIFICACIÓN DECIMAL DEWEY
Número de clasificación WW100
Número de ítem P419
100 1# - ENTRADA PRINCIPAL--NOMBRE DE PERSONA
Nombre de persona Peña García, Luis
Término indicativo de función/relación autor
9 (RLIN) 3488
245 10 - MENCIÓN DEL TÍTULO
Título Manual de Oftalmología /
Mención de responsabilidad, etc. Luis Peña García
Medio [libro]
260 ## - PUBLICACIÓN, DISTRIBUCIÓN, ETC.
Lugar de publicación, distribución, etc. Santiago de Chile :
Nombre del editor, distribuidor, etc. Editorial Mediterráneo,
Fecha de publicación, distribución, etc. 2002
300 ## - DESCRIPCIÓN FÍSICA
Extensión 171 páginas :
Otras características físicas ilustraciones
500 ## - NOTA GENERAL
Nota general Incluye índice
504 ## - NOTA DE BIBLIOGRAFÍA, ETC.
Nota de bibliografía, etc. Incluye bibliografía
505 ## - NOTA DE CONTENIDO CON FORMATO
Nota de contenido con formato 1. Anatomía básica del ojo y anexos. -- 2. Examen oftalmológico por el médico general. -- 3. Ametropías o vicios de refracción. -- 4. Disminución de la agudeza visual de instalación básica. -- 5. Disminución de la agudeza visual de instalación lenta. -- 6. Ojo rojo profundo. -- 7. Ojo rojo superficial. -- 8. Glaucoma. -- 9. Estrabismo. -- 10. Leucocoria. -- 11. Papiledema. -- 12. Patología de las pupilas. -- 13. Patología de las vía visual. -- 14. Lesiones de nervios craneales. -- 15. Lesiones palpebreles y orbitarias. -- 16. Enfermedades sistémicas y patología oftalmológica. -- 17. Trauma oftalmológico.
650 #7 - PUNTO DE ACCESO ADICIONAL DE MATERIA--TÉRMINO DE MATERIA
Término de materia o nombre geográfico como elemento de entrada Oftalmología
9 (RLIN) 3489
942 ## - ELEMENTOS DE ENTRADA SECUNDARIOS (KOHA)
Fuente del sistema de clasificación o colocación Clasificación de Library of Congress
Tipo de ítem Koha Colección Médica
Suprimir en OPAC No
Existencias
Estatus retirado Estado de pérdida Fuente del sistema de clasificación o colocación Estado de daño No para préstamo Colección Biblioteca de origen Biblioteca actual Ubicación en estantería Fecha de adquisición Fuente de adquisición Número de inventario Total de préstamos Signatura topográfica completa Código de barras Visto por última vez Copia número Precio de reemplazo Tipo de ítem Koha
    Clasificación Decimal Dewey     Colección Reserva Biblioteca Hospital Militar de Santiago Biblioteca Hospital Militar de Santiago Full Space 30/08/2002 Donación Ed. Mediterráneo 000844   WW100 P419 1ªed 2002 000844 11/06/2025 c.1 11/06/2025 Colección Médica


Biblioteca Hospital Militar de Santiago / Av. Alcalde Fernando Castillo Velasco 9100
Teléfono: 22 331 7229 / E-mail: biblioteca@hms.cl
Horarios de Atención
Lunes a Viernes de: 08:00 a 13:00 hrs / 14:00 a 17:00 hrs